Das niederländische Strafgesetzbuch vom 3. März 1881
| Autor Corporativo: | |
|---|---|
| Otros Autores: | |
| Tipo de documento: | Print Libro |
| Lenguaje: | Alemán |
| Publicado: |
Berlin
de Gruyter
1959
|
| En: |
Sammlung außerdeutscher Strafgesetzbücher in deutscher Übersetzung (76)
Año: 1959 |
| Disponibilidad en Tübingen: | Disponible en Tübingen. UB: Hi 963 b-76/79 |
| Availability in Albert-Krebs Library: | LZ.10.036 2015-106 |
| Verificar disponibilidad: | HBZ Gateway |
| Servicio de pedido Subito: | Pedir ahora. |
| Palabras clave: |
MARC
| LEADER | 00000cam a2200000 c 4500 | ||
|---|---|---|---|
| 001 | 1072430509 | ||
| 003 | DE-627 | ||
| 005 | 20260206202228.0 | ||
| 007 | tu | ||
| 008 | 850101s1959 gw ||||| 00| ||ger c | ||
| 035 | |a (DE-627)1072430509 | ||
| 035 | |a (DE-603)055785093 | ||
| 035 | |a (DE-576)002430509 | ||
| 035 | |a (DE-599)BSZ002430509 | ||
| 035 | |a (OCoLC)3473134 | ||
| 035 | |a (OCoLC)03473134 | ||
| 035 | |a (AT-OBV)AC01264799 | ||
| 040 | |a DE-627 |b ger |c DE-627 |e rakwb | ||
| 041 | |a ger | ||
| 044 | |c XA-DE | ||
| 084 | |a 2,1 |2 ssgn | ||
| 084 | |a 2 |2 ssgn | ||
| 084 | |a PH 3000 |2 rvk |0 (DE-625)rvk/136016: | ||
| 084 | |a PH 6142 |2 rvk |0 (DE-625)rvk/136406:403 | ||
| 084 | |a PH 6000 |2 rvk |0 (DE-625)rvk/136208: | ||
| 084 | |a 86.10 |2 bkl | ||
| 245 | 0 | 4 | |a Das niederländische Strafgesetzbuch vom 3. März 1881 |c in dt. Übers. u. mit e. Einl. von Klaus Toebelmann. Niederlande |
| 264 | 1 | |a Berlin |b de Gruyter |c 1959 | |
| 300 | |a VI, 96 S. | ||
| 336 | |a Text |b txt |2 rdacontent | ||
| 337 | |a ohne Hilfsmittel zu benutzen |b n |2 rdamedia | ||
| 338 | |a Band |b nc |2 rdacarrier | ||
| 490 | 1 | |a Sammlung außerdeutscher Strafgesetzbücher in deutscher Übersetzung |v 76 | |
| 583 | 1 | |a Archivierung/Langzeitarchivierung gewährleistet |f SSG |x XA-DE-BW |2 pdager |5 DE-21 | |
| 650 | 0 | 7 | |0 (DE-588)4057795-8 |0 (DE-627)106149458 |0 (DE-576)209123737 |a Strafrecht |2 gnd |
| 650 | 4 | |a Strafrecht |7 (dpeaa)DE-2619 | |
| 651 | 7 | |0 (DE-588)4042203-3 |0 (DE-627)104400765 |0 (DE-576)209049030 |a Niederlande |2 gnd | |
| 655 | 7 | |a Quelle |0 (DE-588)4135952-5 |0 (DE-627)105661236 |0 (DE-576)209665084 |2 gnd-content | |
| 689 | 0 | 0 | |d u |0 (DE-588)4283741-8 |0 (DE-627)104335750 |0 (DE-576)210786035 |a Niederlande |t Strafgesetzbuch |2 gnd |
| 689 | 0 | |5 DE-101 | |
| 689 | 1 | 0 | |d u |0 (DE-588)4283741-8 |0 (DE-627)104335750 |0 (DE-576)210786035 |a Niederlande |t Strafgesetzbuch |2 gnd |
| 689 | 1 | |5 (DE-627) | |
| 700 | 1 | |8 1\p |a Toebelmann, Klaus |d 1926- |e Übers. |0 (DE-588)1118879082 |0 (DE-627)87235525X |0 (DE-576)479677816 |4 oth | |
| 710 | 2 | |a Niederlande |0 (DE-588)4042203-3 |0 (DE-627)104400765 |0 (DE-576)209049030 |4 oth | |
| 730 | 4 | 2 | |a Het Wetboek van Strafrecht <dt.> |
| 830 | 0 | |a Sammlung außerdeutscher Strafgesetzbücher in deutscher Übersetzung |v 76 |9 76 |w (DE-627)130122696 |w (DE-576)015655954 |w (DE-600)506105-2 |7 am | |
| 883 | |8 1\p |a cgwrk |d 20241001 |q DE-101 |u https://d-nb.info/provenance/plan#cgwrk | ||
| 889 | |w (DE-576)9022609928 | ||
| 889 | |w (DE-627)02260992X | ||
| 935 | |a mkri | ||
| 935 | |i mdedup | ||
| 935 | |h HEB |i 0501 | ||
| 935 | |h HEB |i 0503 | ||
| 936 | r | v | |a PH 3000 |b Gesamtdarstellungen |k Rechtswissenschaft |k Strafrecht, Strafverfahrensrecht, Kriminologie |k Strafrecht |k Allgemeiner Teil des StGB |k Gesamtdarstellungen |0 (DE-627)1272236722 |0 (DE-625)rvk/136016: |0 (DE-576)202236722 |
| 936 | r | v | |a PH 6142 |b Gesetzestexte |k Rechtswissenschaft |k Strafrecht, Strafverfahrensrecht, Kriminologie |k Vergleichendes und ausländisches Straf- und Strafprozessrecht einschliesslich Strafvollzug |k Ausländisches Recht - Einzelne Länder |k Westeuropa |k Benelux-Staaten |k Gesetzestexte |0 (DE-627)127262725X |0 (DE-625)rvk/136406:403 |0 (DE-576)20262725X |
| 936 | r | v | |a PH 6000 |b Gesetzestexte |k Rechtswissenschaft |k Strafrecht, Strafverfahrensrecht, Kriminologie |k Vergleichendes und ausländisches Straf- und Strafprozessrecht einschliesslich Strafvollzug |k Rechtsvergleich |k Gesetzestexte |0 (DE-627)1272237389 |0 (DE-625)rvk/136208: |0 (DE-576)202237389 |
| 936 | b | k | |a 86.10 |j Recht einzelner Länder, Gebiete und Völker |0 (DE-627)106422499 |
| 936 | s | n | |a p100 |2 mzub |
| 951 | |a BO | ||
| ELC | |b 1 | ||
| LOK | |0 000 xxxxxcx a22 zn 4500 | ||
| LOK | |0 001 2018199234 | ||
| LOK | |0 003 DE-627 | ||
| LOK | |0 004 1072430509 | ||
| LOK | |0 005 20091224194852 | ||
| LOK | |0 008 941212||||||||||||||||ger||||||| | ||
| LOK | |0 040 |a DE-21 |c DE-627 |d DE-21 | ||
| LOK | |0 852 |a DE-21 | ||
| LOK | |0 852 1 |c Hi 963 b-76/79 |m p |9 00 | ||
| LOK | |0 852 2 |b LS |9 00 | ||
| LOK | |0 852 1 |c jur K 803 |9 01 | ||
| LOK | |0 935 |a alls |a konv | ||
| LOK | |0 938 |k p | ||
| LOK | |0 939 |a 12-12-94 |b l01 | ||
| LOK | |0 000 xxxxxcx a22 zn 4500 | ||
| LOK | |0 001 2018199242 | ||
| LOK | |0 003 DE-627 | ||
| LOK | |0 004 1072430509 | ||
| LOK | |0 005 20100508042937 | ||
| LOK | |0 008 991207||||||||||||||||ger||||||| | ||
| LOK | |0 040 |a DE-21-24 |c DE-627 |d DE-21-24 | ||
| LOK | |0 541 |e Verz.-Nr. 16048 | ||
| LOK | |0 689 |a s |a Strafgesetzbuch (Niederlande) | ||
| LOK | |0 852 |a DE-21-24 | ||
| LOK | |0 852 1 |c J,IXa*1,3/76 |m p |9 00 | ||
| LOK | |0 935 |a ALAS | ||
| LOK | |0 936ln |a J,IXa*1, | ||
| LOK | |0 938 |k p | ||
| LOK | |0 939 |a 07-12-99 |b l01 | ||
| LOK | |0 000 xxxxxcx a22 zn 4500 | ||
| LOK | |0 001 2018199110 | ||
| LOK | |0 003 DE-627 | ||
| LOK | |0 004 1072430509 | ||
| LOK | |0 005 20041222000000 | ||
| LOK | |0 008 041222||||||||||||||||ger||||||| | ||
| LOK | |0 040 |a DE-Frei85 |c DE-627 |d DE-Frei85 | ||
| LOK | |0 852 |a DE-Frei85 | ||
| LOK | |0 852 1 |m p |9 00 | ||
| LOK | |0 938 |k p | ||
| LOK | |0 939 |a 22-12-04 |b l01 | ||
| LOK | |0 000 xxxxxcx a22 zn 4500 | ||
| LOK | |0 001 419625764X | ||
| LOK | |0 003 DE-627 | ||
| LOK | |0 004 1072430509 | ||
| LOK | |0 005 20221125140247 | ||
| LOK | |0 008 221011||||||||||||||||ger||||||| | ||
| LOK | |0 035 |a (DE-2619)k00364 | ||
| LOK | |0 040 |a DE-2619 |c DE-627 |d DE-2619 | ||
| LOK | |0 092 |o n | ||
| LOK | |0 541 |e Bestand Albert-Krebs-Bibliothek: 2015-106 | ||
| LOK | |0 852 |a DE-2619 | ||
| LOK | |0 852 1 |c LZ.10.036 |m p |9 00 | ||
| LOK | |0 935 |a kreb | ||
| LOK | |0 938 |k p | ||
| LOK | |0 939 |a 11-10-22 |b l01 | ||
| ORI | |a SA-MARC-krimdoka001.raw | ||
| SIG | |a UB: Hi 963 b-76/79 | ||
